• 首页
  • 本馆介绍
  • 公告通知
  • 最新文献
  • 馆藏检索
  • 电子资源
  • 读者导购
  • 参考咨询
  • 我的图书馆
  • 登录
  • 详细信息显示
  • 放入我的书架
  • 预约/预借图书
  • 作者相关作品
  • 分类相关作品
  • 丛书相关作品
  • 出版社相关作品

书目信息

  • 表格格式
  • 工作单格式
  • 卡片格式
题名:
医学生化检验手册
    
 
作者: 崔福生 编著
分册:  
出版信息: 天津   天津科学技术出版社  1982.6
页数: 592页
开本: 19cm
丛书名:
单 册:
中图分类: R446.1-62
科图分类:
主题词: 诊断学
电子资源:
ISBN:
000 00552nam0 2200193 45
001 0181013243
005 20051226104652.93
010    @dCNY1.48
091    @a14212.53
100    @a20810111d km y0chiy0120 ea
101 0  @achi
200 1  @a医学生化检验手册@Ayi xue sheng hua jian yan shou ce@f崔福生编著@Fcui fu sheng bian zhu
210    @a天津@c天津科学技术出版社@d1982.6
215    @a592页@d19cm
606 0  @a诊断学
690    @aR446.1-62@v3
701 0  @a崔福生@Acui fu sheng@4编著
801    @aCN@bTSTC@c20051226
905    @dR446.1-62@e17@f1@b162134
    
    医学生化检验手册/崔福生编著.-天津:天津科学技术出版社,1982.6
    592页;19cm
    
    
    ISBN :CNY1.48
    
●
相关链接 在E读中查询图书 在五车中查询图书 在当当中查询图书 在豆瓣中查询图书


正题名:医学生化检验手册     索取号:R446.1-62/17         预约/预借

序号 登录号 条形码 馆藏地/架位号 状态 备注
1 0145041   000715550   第二样本阅览室/ [索取号:R446.1-62/17] 在馆    
2 0145042   202180460   密集书库/ [索取号:R446.1-62/17] 在馆    
3 0162134   000715514   工具书阅览室/ [索取号:R446.1-62/17] 在馆    
唐山师范学院图书馆 欢迎您!
大连网信软件有限公司© 版权所有